Grief and disappearance: psychosocial interventions (Record no. 8602)

MARC details
000 -LEADER
fixed length control field 00429nam a2200169Ia 4500
020 ## - INTERNATIONAL STANDARD BOOK NUMBER
ISBN 9789351502425
082 ## - DEWEY DECIMAL CLASSIFICATION NUMBER
Classification number 155.93 PRE-;
100 ## - MAIN ENTRY--AUTHOR NAME
Personal name Preitler, Barbara
245 #0 - TITLE STATEMENT
Title Grief and disappearance: psychosocial interventions
260 ## - PUBLICATION, DISTRIBUTION, ETC. (IMPRINT)
Place of publication New Delhi
Name of publisher Sage Publications
Year of publication 2015
300 ## - PHYSICAL DESCRIPTION
Number of Pages xi, 229p
650 ## - SUBJECT ADDED ENTRY--TOPICAL TERM
Topical Term GRIEF
650 ## - SUBJECT ADDED ENTRY--TOPICAL TERM
Topical Term MISSING PERSONS
650 ## - SUBJECT ADDED ENTRY--TOPICAL TERM
Topical Term PSYCHOTIC DEPRESSION
700 ## - ADDED ENTRY--PERSONAL NAME
Personal name Skala, Julia
942 ## - ADDED ENTRY ELEMENTS (KOHA)
Koha item type Books
Holdings
Withdrawn status Lost status Damaged status Not for loan Home library Current library Date acquired Source of acquisition Bill Date Full call number Accession Number Price effective from Koha item type
        NASSDOC Library NASSDOC Library 15/03/2016 RKB 2016-03-08 155.93 PRE-; 48860 18/04/2019 Books